| 000 | 00801nam a2200253 a 4500 | ||
|---|---|---|---|
| 001 | 43053 | ||
| 003 | BD-RjUL | ||
| 005 | 20211209053635.0 | ||
| 008 | 160619s19791978enk b 001 0 eng d | ||
| 020 | _a0713159766 | ||
| 020 | _a0713159774 : | ||
| 035 | _a(BD-RjUL)43171 | ||
| 040 |
_aWLU _cWLU _dm.c _dBD-RjUL _beng |
||
| 041 | 1 | _aeng | |
| 082 |
_223 _a330.9 _bHAS 1979 |
||
| 100 | 1 |
_aHardach, Gerd _d1941- _9132208 |
|
| 245 | 1 | 2 |
_aA short history of socialist economic thought / _cGerd Hardach, Dieter Karras, in association with Ben Fine ; translated by James Wickham |
| 260 |
_aLondon : _bEdward Arnold, _cc1979 |
||
| 300 |
_axv, 101 p. ; _c23 cm |
||
| 650 | 0 |
_aMarxian economics _xHistory _9132209 |
|
| 700 | 1 |
_aKarras, Dieter, _d1945- _9132210 |
|
| 700 | 1 |
_aFine, Ben. _9132211 |
|
| 942 |
_2ddc _cBK |
||
| 999 |
_c43053 _d43053 |
||